header

"Convinced that God had called us" (Record no. 38658)

MARC details
000 -LEADER
fixed length control field 01734nam a2200409 a 4500
082 04 - DEWEY DECIMAL CLASSIFICATION NUMBER
Classification number 226.4/06
100 1# - MAIN ENTRY--AUTHOR NAME
Personal name Miller, John B. F.
245 10 - TITLE STATEMENT
Title "Convinced that God had called us"
260 ## - PUBLICATION, DISTRIBUTION, ETC. (IMPRINT)
Place of publication Leiden ;
-- Boston :
Name of publisher Brill,
Year of publication 2007.
300 ## - PHYSICAL DESCRIPTION
Number of Pages xii, 282 p.
490 1# - SERIES STATEMENT
Series statement Biblical interpretation series,
500 ## - GENERAL NOTE
General note Revision of the author's thesis (doctoral)--Princeton Theological Seminary.
650 #0 - SUBJECT ADDED ENTRY--TOPICAL TERM
Topical Term Visions
Topical Term Dreams
Topical Term Vocation
856 40 - ELECTRONIC LOCATION AND ACCESS
Uniform Resource Identifier http://site.ebrary.com/lib/rucke/Doc?id=10235019

No items available.

© 2026 Rongo University
Contact us: librarian | system librarian | Rongo university